Word Ladder: Potter's Pretty Pal Quiz Stats

 Plays Quiz Updated Jul 31, 2014

     
Support Sporcle.
Go Orange.
Score 0/26 Timer 02:00
1 Play Today
Hint 4-Letter Word % Correct
Ice cream holderCONE
91.7%
Not deadLIVE
91.4%
☾ ADORE ☽☾ LOVE ☽
89.8%
It connects two pointsLINE
89.3%
Part of a skeletonBONE
88.9%
Walking stickCANE
87.7%
☾ OLIVANDER SPECIALITY ☽☾ WAND ☽
86.1%
SingleLONE
85.5%
PathLANE
83.8%
Lion's prideMANE
76.9%
DiscoverFIND
73.7%
DiminishWANE
72.7%
Terra firmaLAND
71.4%
Hint 4-Letter Word % Correct
Debussy's 'Clair de ___'LUNE
71.1%
GroceriesFOOD
69.7%
Has a liking forFOND
67.6%
Former West German capitalBONN
67.3%
'Sweater Girl' ____ TurnerLANA
66.8%
IntellectMIND
65.8%
☾ CUTE WITCH ☽☾ LUNA ☽
65.2%
☾ PLEASING ☽☾ GOOD ☽
63.9%
A stupid person or enforcerGOON
55.9%
A timely benefitBOON
54.7%
Sassy lassMINX
39.3%
☾ MINOR HEX ☽☾ JINX ☽
37%
☾ SPELL CASTER ☽☾ MAGE ☽
27.6%

Today's Daily Dose

Missing Word
Brands of Alcohol

Word Ladder
A Little Room?

Get the Picture
SpongeBob Rivalry

From the Vault

Find the South American Capitals - No Map

by Charnsea

It's tough to navigate a foreign place without a map.
Remove Ads.
Support Sporcle.
Get the best of Sporcle when you Go Orange. This ad-free experience offers more features, more stats, and more fun while also helping to support Sporcle. Thank you for becoming a member.

Show Comments

Extras

Top Quizzes Today


Score Distribution

Your Account Isn't Verified!

In order to create a playlist on Sporcle, you need to verify the email address you used during registration. Go to your Sporcle Settings to finish the process.

Report this User

Report this user for behavior that violates our Community Guidelines.

Details: